00612nam a2200157 a 450000100100000000500170001000800410002704000250006808200150009310000350010824501130014326000480025630000200030495201130032499900170043700004350220201002044822.0140320s1970 ve 000 0 spa d aDO-SdBNPbspacBNPHU axxxxbxxxx1 aLarrazábal, Radamés93327410aSobre la revolución :bteorías de intelectuales y prácticas revolucionarias /cRadamés Larrazábal. aCaracas, Venezuela :bCantaclaro,c[1970?]. a32 p. ;c19 cm. 001050718MOaPDbPDcCTd2014-03-20iLF1l0oxxxx xxxxp43502-10r2020-06-25w2020-06-25y1ZNo se presta c42991d42991